000 01339nam a2200265 i 4500
003 DO-SdBNP
005 20250616150435.0
007 ta
008 250616s1992 dr ac r 000 0 spa d
040 _aDO-SdBNP
_bspa
_cBNPHU
_erda
082 _a972.9302
_bS438L
_222
245 0 3 _aLa señal de la luz :
_bresumen especial para la gobernación del Faro a Colón /
264 1 _aSanto Domingo :
_bGrupo Selman,
_bRefrescos Nacionales,
_bEditora Taller,
_c1992.
300 _a32 páginas
_bilustraciones, retratos ;
_c21 cm.
336 _atexto
_btxt
_2rdacontent
337 _asin mediación
_bn
_2rdamedia
338 _avolumen
_bnc
_2rdacarrier
505 0 _tLa historia del Faro: 1852-1992 --
_gIngeniería de luces. --
_tIemca en el proyecto/ 1986-1992 --
_tLa proyección de la cruz --
_tEl rayo central. Luces en cuerpo y brazos de la cruz --
_tIluminación de fachadas y galerías --
_tDocumentos prueban autenticidad de restos. Los libros de Tejera y el Suplemento de 1916 --
_tEl Mausoleo: 93 años de provisionalidad en la Catedral --
_tFuente de abastecimiento de energía /
590 _aInventariado, 2025/ YL
610 2 0 _aFaro a Colón (Santo Domingo, República Dominicana)
_925881
650 4 _aMonumentos
_zRepública Dominicana
_925880
651 4 _aRepública Dominicana
_xHistoria
_9170
910 _aYLockward
942 _2ddc
_cLF2
999 _c59300
_d59300